Statistics for Marvel Superheroes.

Click here to take the quiz!

General Stats

  • This quiz has been taken 2,325 times
    (2,299 since last reset)
  • The average score is 10 of 15

Answer Stats

HintAnswer% Correct
Star-Spangled AvengerCaptain America
92%
Green GoliathHulk
91%
Wall CrawlerSpider-Man
87%
Weather WitchStorm
86%
StrechMr. Fantastic
84%
HotHeadThe Human Torch
82%
Marksman ExtraordinaireHawkeye
81%
FurballBeast
70%
GoldielocksThor
68%
The Ever-Lovin' Blue-Eyed ThingThe Thing
64%
Silver CenturionIronman
63%
CanuckleheadWolverine
55%
Fuzzy-ElfNightcrawler
44%
SlimCyclops
30%
HornheadDareDevil
23%

Score Distribution

Percentile by Number Answered

Percent of People with Each Score

Your Score History

You have not taken this quiz since the last reset